000 00388nam a22001457a 4500
003 OSt
005 20251015101312.0
008 251015b |||||||| |||| 00| 0 eng d
020 _a9789966500120
040 _cVIDE MUWA PUBLISHERS
050 _aPL8704 .W36 2016
245 _aWARIDI LA TOVUTI
_cWAMITILA, KW
260 _aNAIROBI, KENYA
_bVIDE MUWA PUBLISHERS LTD
_c2016
942 _2lcc
_cBK
_n0
999 _c9626
_d9626